000
00262nam a2200109Ia 4500
008
190216s9999||||xx |||||||||||||| ||und||
100
_a
Arora B L
245
0
_a
New Light Objective Physics
260
_b
New Light Publishers
650
_a
References
942
_c
REF
999
_c
35789
_d
35789